| 000 | 00991nam a2200265Ia 4500 | ||
|---|---|---|---|
| 003 | OSt | ||
| 005 | 20221005112022.0 | ||
| 006 | a|||||r|||| 00| 0 | ||
| 007 | ta | ||
| 008 | 221004b |||||||| |||| 00| 0 san d | ||
| 020 |
_a9789381539484 (hbk) _c350 |
||
| 024 | _a2363 | ||
| 037 |
_b360, 11/01/2013, Eastern Book Linkers _cTextual |
||
| 040 |
_aCRL _cCRL _bsan |
||
| 041 |
_2san _asan |
||
| 082 | _aP15,C:3x4,1:g, 152Q2 | ||
| 100 | _aशर्मा, सच्चिदानन्द | ||
| 245 | 0 | _aभर्तृहरि का शब्दब्रह्म | |
| 246 | _aBhartṛuhari kā shabdabrahma | ||
| 260 |
_aवाराणसी _bमनीड्ढा प्रकाशन भारत _c2012 |
||
| 300 |
_a112पृ0 _ccm. |
||
| 650 | _aहिन्दी भाषा | ||
| 942 |
_hP15,C:3x4,1:g, 152Q2 _cTEXL _2cc |
||
| 999 |
_c1023575 _d1023575 |
||